000 00788nam a2200241 a 4500
005 20160114043547.0
008 160114b2001 xxua gr|||| 00| 0 spa d
020 _a1899628177
040 _aCO-BoIAVH
_cCO-BoIAVH
041 _aspa
_heng
082 4 _a333.9516079
_bW927c
110 2 _bWorld Conservation Monitoring Centre = Centro Mundial de Monitoreo de la Conservación
_99709
245 1 _aChecklist of CITES species
246 _aLista de las especies CITES
260 _aGeneve
_bWorld Conservation Monitoring Centre
_bCITES
_c2001
300 _a335 paginas.
_bilustraciones
_c30 x 21 cm
650 4 _aEspecies
_xAnimales
_950691
650 4 _aEspecies
_xvegetales
_950692
650 4 _aFauna
_950693
650 4 _aFlora
_950694
942 _cLIBRO
_2ddc
945 _d2008-01-16
999 _c6093
_d6093